LEADER 01397nam a2200277 i 4500 001 000000064610 003 CaOOAMICUS 005 20071205000000.0 008 071205s1968 it u000 u ita u 013 $a35782 040 $aSeMil$bita 100 1 $aDumont, Pierre <1901-1970>.$0(OLS)http://semarc/name/9779 245 13$aLa Teologia greca odierna /$cPierre Dumont. 260 $aPalermo :$bAssociazione Cattolica Italiana per l'Oriente Cristiano,$cstampa 1968. 300 $a134 p. :$bill. ;$c24 cm. 490 0 $aQuaderni di "Oriente Cristiano". Studi ;$v[2. ] 490 0 $aQuaderni di "Oriente Cristiano" ;$v.Studi ; [2] 500 $aSul verso del front. : Estratto della Rivista "Oriente Cristiano", Anno 6. [1966], n. 3, 4 ; Anno 7. [1967], n. 1, 3, 4. 650 4$aTeologia ortodossa.$0(OLS)http://semarc/subject/2276 650 4$aGrecia - Teologia.$0(OLS)http://semarc/subject/12593 830 0$aQuaderni di "Oriente Cristiano". Studi ;$v[2. ].$0(OLS)http://semarc/title/561 830 0$aQuaderni di "Oriente Cristiano" ;$v.Studi ; [2].$0(OLS)http://semarc/title/24861 850 $aSeMil 852 $aSeMil$W1$xVenegono$y1$m2M IV 347$j30763$B30763$CSeMilBibl$Z2$F30766 $81 996 $6245$aLa Teologia greca odierna$9(OLS)http://semarc/title/102345 996 $6260$aPalermo :$bAssociazione Cattolica Italiana per l'Oriente Cristiano$9(OLS)http://semarc/publisher/29835 LEADER 01306nam a2200253 i 4500 001 000000235999 003 CaOOAMICUS 005 20220317141750.0 008 141119s1817 it u000 u ita u 013 $a214903 026 $aorte rato leli sada (3) 1817 (A) 040 $aSeMil$bita 100 1 $aCesari, Antonio,$d<1760-1828>.$0(OLS)http://semarc/name/3254 245 12$aL'Abramo e'l Tobia lezioni storicomorali di Antonio Cesari prete veronese. 260 $aMilano :$bPresso Antonio Fortunato Stella,$c1817. 300 $a404 p. ;$c8°. 650 4$aBibbia. Antico Testamento. Maccabei - Commentari, studi, critica, interpretazioni.$0(OLS)http://semarc/subject/4774 700 1 $aStella, Antonio Fortunato,$c.$0(OLS)http://semarc/name/2919 773 0 $aCesari, Antonio <1760-1828>$tLezioni storicomorali di Antonio Cesari prete veronese.$dMilano : Presso Antonio Fortunato Stella, 1815 (Dai torchi di Giovanni Pirotta)$w()31000 850 $aSeMil 852 $aSeMil$W1$xVenegono$y1$m3C II 72 FA$j186345$B186345$CSeMilBibl$Z2$F197188 $8I 996 $6245$aL'Abramo e'l Tobia lezioni storicomorali di Antonio Cesari prete veronese$9(OLS)http://semarc/title/336302 996 $6260$aMilano :$bPresso Antonio Fortunato Stella$9(OLS)http://semarc/publisher/31384